000 00604nam a2200229Ia 4500
003 OSt
005 20221007081955.0
006 a|||||r|||| 00| 0
007 ta
008 221006b |||||||| |||| 00| 0 eng d
024 _a17,516
037 _cTextual
040 _aFLL
_cFLL
_beng
041 _2eng
_aeng
082 _aXM55:Z8, K2
100 _aPaterson W.E. Au.
_9698414
245 0 _aAustralian company law
260 _aSydney
_bButterworths Australia
_c1962
300 _a1003p
_ccm.
942 _hXM55:Z8, K2
_cTEXL
_2CC
999 _c1164908
_d1164908